000 00334nam a2200145Ia 4500
008 230711s9999||||xx |||||||||||||| ||und||
041 _aENG
082 _a4
_bMC-S
100 _aMCDBA
245 0 _aSQL Server 7 Administration
_b`
260 _c1999
_aNew Delhi
_bTMH
300 _a686p.
650 _aComputer Engineering
942 _cBK
999 _c4089
_d4089